00978nam a2200217 a 4500001001000000003000500010005001700015008004100032010001100073011001100084040000900095100003700104245024100141260004100382500006000423502010900483650002800592650003200620700003800652856007000690000115440CHAP20220329144534.0190522s2018 mx a sm |||||||spa d a111901 a112873 cCHAP1 aIgnacio Gutiérrez, Juan Pablo.10aSucesión de la entomofauna sarcosaprófaga en cerdo doméstico (Sus scrofa L.) en dos condiciones de exposición, en Texcoco, Estado de México /h[En línea]cpor Juan Pablo Ignacio Gutiérrez y María Patricia Vásquez Maya. aChapingo, Méx. :bEl autor,c2018. aPara ver el contenido del material haga clic en la liga aTesis (Ing. Agr. Esp. en Parasitología Agrícola) -- UACH. Departamento de Parasitología Agrícola14aEntomología médica.14aInsectosxIdentificación.1 aVásquez Maya, María Patricia. aFinding aiduhttp://10.13.5.2/tesis/sist115440.pdfzTeclea aquí